[Event "Euro Online U2300 Day 1"]
[Site "chess.com INT"]
[Date "2020.05.25"]
[Round "2"]
[White "Maisuradze, Nino"]
[Black "Sviridov, Vladislav"]
[Result "0-1"]
[WhiteTitle "WGM"]
[WhiteElo "2214"]
[BlackElo "2123"]
[WhiteFideId "13601717"]
[BlackFideId "24121843"]
[EventDate "2020.05.25"]

1. d4 d5 2. c4 c6 3. Nc3 Nf6 4. cxd5 cxd5 5. Bf4 Nc6 6. e3 Bf5 7. Qb3 Na5 8.
Qa4+ Bd7 9. Qc2 e6 10. Bd3 Rc8 11. Nf3 Be7 12. Ne5 O-O 13. O-O h6 14. Rac1 Nh5
15. h3 Nxf4 16. exf4 Nc4 17. f5 Nxe5 18. dxe5 d4 19. f6 gxf6 20. exf6 Bxf6 21.
Qe2 dxc3 22. Qe4 Re8 23. bxc3 Bg7 24. Qh7+ Kf8 25. f4 Bc6 26. c4 Qd4+ 27. Kh2
Rcd8 28. Rcd1 Qb2 29. Be4 Rd4 30. Bxc6 bxc6 31. Rb1 Qxa2 32. f5 Rd2 33. Rg1
Rxg2+ 34. Rxg2 Be5+ 35. Kh1 Qxb1+ 36. Rg1 Qxf5 37. Qxh6+ Ke7 38. Qe3 Qf4 39.
Qxa7+ Kf6 40. Qa2 Qf3+ 41. Qg2 Qxg2+ 42. Rxg2 Rh8 43. Rf2+ Ke7 44. Rf3 f5 45.
Kg2 Bd4 46. Kf1 Kf6 47. Ke2 e5 48. Ra3 c5 49. Ra6+ Kg5 50. Kf3 Rxh3+ 51. Kg2 Rc3
52. Ra8 Kf4 53. Rh8 Rc2+ 54. Kf1 Rxc4 55. Kg2 Rc2+ 56. Kh1 e4 57. Rh4+ Ke3 58.
Rxe4+ fxe4 0-1

[Event "Euro Online U2300 Day 1"]
[Site "chess.com INT"]
[Date "2020.05.25"]
[Round "2"]
[White "Selbes, Tarik"]
[Black "Karacsonyi, Gellert"]
[Result "1/2-1/2"]
[WhiteTitle "FM"]
[BlackTitle "FM"]
[WhiteElo "2235"]
[BlackElo "2292"]
[WhiteFideId "6302513"]
[BlackFideId "764620"]
[EventDate "2020.05.25"]

1. e4 c5 2. Nf3 Nc6 3. Bb5 g6 4. O-O Bg7 5. Re1 e5 6. b4 cxb4 7. a3 b3 8. cxb3
Nge7 9. Bb2 O-O 10. Nc3 d6 11. h3 h6 12. Bc4 Be6 13. Bxe6 fxe6 14. b4 a6 15. Nh2
d5 16. Na4 b6 17. Rc1 Rc8 18. Qe2 dxe4 19. Qxe4 Qxd2 20. Nf3 Qd8 21. Nxe5 Nxe5
22. Rxc8 Nxc8 23. Bxe5 Qd2 24. Qe2 Qxe2 25. Rxe2 Bxe5 26. Rxe5 Kf7 27. Re3 Rd8
28. Rc3 a5 29. Rc6 b5 30. Nc3 axb4 31. axb4 Ne7 32. Rc7 Rd4 33. Nxb5 Rxb4 34.
Nd6+ Kf6 35. Ne8+ Kf7 36. Nd6+ Kf6 37. f3 Nf5 38. Rf7+ Ke5 39. Nxf5 exf5 40. Rh7
h5 41. Rg7 Rb6 42. h4 Kf4 43. Kh2 Ke5 44. Kg3 Ra6 45. Rb7 Rc6 46. Rb5+ 1/2-1/2

[Event "Euro Online U2300 Day 1"]
[Site "chess.com INT"]
[Date "2020.05.25"]
[Round "2"]
[White "Terbe, Julianna"]
[Black "Khachatryan, Veronika"]
[Result "0-1"]
[WhiteTitle "WIM"]
[WhiteElo "2273"]
[BlackElo "1869"]
[WhiteFideId "708780"]
[BlackFideId "13310852"]
[EventDate "2020.05.25"]

1. d4 Nf6 2. Nf3 g6 3. Bf4 Bg7 4. e3 d6 5. h3 O-O 6. Be2 Nc6 7. O-O Ne4 8. c4 e5
9. Bh2 f5 10. Nbd2 Nxd2 11. Qxd2 e4 12. Ne1 Ne7 13. Rc1 g5 14. f3 exf3 15. Nxf3
Ng6 16. e4 g4 17. hxg4 fxe4 18. Ne1 Rxf1+ 19. Bxf1 Bxg4 20. Nc2 Qf6 21. c5 Ne7
22. Bc4+ d5 23. Rf1 Qg6 24. Be2 Bxe2 25. Qxe2 Nf5 26. Rxf5 Qxf5 27. Bxc7 Rf8 28.
Bd6 Rf7 29. b4 Qg5 30. Qe1 e3 31. b5 Bh6 32. c6 bxc6 33. bxc6 Rf2 34. Nxe3 Qxe3
35. Qxe3 Bxe3 36. Kh1 Rc2 37. Bc5 Bf4 38. g4 Kf7 39. a4 Ke8 40. a5 Kd8 41. a6
Kc8 42. Bxa7 Rxc6 43. Bc5 Rxa6 44. Kg2 h6 45. Kf3 Bg5 0-1

[Event "Euro Online U2300 Day 1"]
[Site "chess.com INT"]
[Date "2020.05.25"]
[Round "2"]
[White "Guliev, Sarhan"]
[Black "Sorin, Michael"]
[Result "1-0"]
[WhiteTitle "GM"]
[WhiteElo "2308"]
[BlackElo "2219"]
[WhiteFideId "13400231"]
[BlackFideId "2805030"]
[EventDate "2020.05.25"]

1. e4 c5 2. Nf3 e6 3. d3 d5 4. Nbd2 Nc6 5. g3 g6 6. Bg2 Bg7 7. O-O Nge7 8. c3
O-O 9. Re1 Rb8 10. Qe2 b5 11. exd5 exd5 12. Nb3 c4 13. dxc4 bxc4 14. Bf4 Ra8 15.
Nbd4 Bg4 16. Nxc6 Nxc6 17. h3 Bf5 18. Rad1 Qa5 19. Qd2 Rad8 20. Bh6 Be4 21. Bxg7
Kxg7 22. Nd4 Qc5 23. Bxe4 dxe4 24. Rxe4 Ne5 25. Qe3 Nd3 26. Rxd3 cxd3 27. Ne6+
fxe6 28. Qxc5 d2 29. Qe7+ Kh8 30. Rd4 d1=Q+ 31. Rxd1 Rxd1+ 32. Kg2 Rdd8 33. Qxe6
Rd2 34. Qe3 Rxb2 35. Qxa7 Rd8 36. a4 Rbb8 37. a5 Ra8 38. Qe7 Rdc8 39. h4 Kg8 40.
Qe6+ Kg7 41. a6 h5 42. c4 Kh6 43. c5 Re8 44. Qf6 Rf8 45. Qe7 Rfe8 46. Qg5+ Kh7
47. Qd5 Red8 48. Qb7+ Kh6 49. c6 Rdb8 50. c7 Rc8 51. a7 Kh7 52. f3 Kg7 53. g4
hxg4 54. fxg4 Kh6 55. Kg3 Kg7 56. Kf4 Kh6 57. Qb6 Rf8+ 58. Kg3 Kh7 59. Qe6 Rfe8
60. Qf7+ Kh8 61. Qxg6 Rec8 62. Qf7 Rf8 63. Qd7 Rfc8 64. h5 Re8 65. h6 Rg8 66.
Kh4 Rac8 67. g5 Ra8 68. Kh5 Rae8 69. Qd4+ Kh7 70. g6+ 1-0

[Event "Euro Online U2300 Day 1"]
[Site "chess.com INT"]
[Date "2020.05.25"]
[Round "2"]
[White "Podetti, Davide"]
[Black "Vukovic, Nikola"]
[Result "1-0"]
[WhiteElo "2173"]
[BlackElo "2150"]
[WhiteFideId "893617"]
[BlackFideId "14508907"]
[EventDate "2020.05.25"]

1. e4 c5 2. Nf3 d6 3. Bb5+ Nd7 4. d4 cxd4 5. Qxd4 Nf6 6. c4 a6 7. Bxd7+ Bxd7 8.
Nc3 h6 9. O-O e6 10. Rd1 Bc6 11. Qd3 Be7 12. Bf4 e5 13. Be3 O-O 14. b4 b6 15. a4
Rc8 16. h3 Qc7 17. b5 Bb7 18. Rac1 Nd7 19. bxa6 Ba8 20. Nb5 Qb8 21. Nxd6 Nc5 22.
Bxc5 Rxc5 23. Nf5 Bf6 24. Ne3 Ra5 25. Nd5 Bxd5 26. cxd5 Rxa4 27. Rc6 Rc8 28.
Rdc1 Rd8 29. d6 Kh7 30. Qb3 Rxa6 31. Qxf7 Rxd6 32. Rc7 Qg8 33. Qh5 b5 34. Qf5+
Kh8 35. Rc8 Rd8 36. Rxd8 Bxd8 37. Rc8 b4 38. Qd7 b3 39. Rxd8 b2 40. Rxg8+ Kxg8
41. Qc8+ Kh7 42. Qxa6 b1=Q+ 43. Kh2 Qxe4 44. Qa3 Qf4+ 45. g3 Qe4 46. Qe3 Qc4 47.
Nxe5 Qf1 48. Qd3+ Qxd3 1-0

[Event "Euro Online U2300 Day 1"]
[Site "chess.com INT"]
[Date "2020.05.25"]
[Round "2"]
[White "Stoinev, Metodi"]
[Black "Krayz, Alexander"]
[Result "1-0"]
[BlackTitle "IM"]
[WhiteElo "2202"]
[BlackElo "2350"]
[WhiteFideId "2901404"]
[BlackFideId "2802066"]
[EventDate "2020.05.25"]

1. e4 e6 2. d4 d5 3. Nd2 Nf6 4. e5 Nfd7 5. Bd3 c5 6. c3 Nc6 7. Ne2 cxd4 8. cxd4
f6 9. exf6 Nxf6 10. O-O Bd6 11. Nf3 Qc7 12. Nc3 a6 13. Bd2 O-O 14. Rc1 Bd7 15.
Re1 Rae8 16. Ne5 Qb6 17. Nxd7 Nxd7 18. Be3 Nf6 19. Na4 Qc7 20. g3 Qf7 21. Nc5 e5
22. dxe5 Bxe5 23. b3 Kh8 24. f4 Bd6 25. Bf2 Rxe1+ 26. Qxe1 Re8 27. Qd1 Ne4 28.
Nxe4 dxe4 29. Bxe4 Rxe4 30. Qxd6 Re8 31. Rd1 h6 32. Qd7 Re7 33. Qg4 Kh7 34. Kg2
Qf6 35. Rd2 Nb4 36. h4 Qc6+ 37. Qf3 Qc1 38. Re2 Rxe2 39. Qxe2 Qc6+ 40. Kh2 Qd5
41. Be1 Nc6 42. Bc3 h5 43. Be5 g6 44. Bb2 Nd4 45. Bxd4 Qxd4 46. f5 Kh6 47. fxg6
Kxg6 48. Kg2 a5 49. Qc2+ Kg7 50. Qf2 Qe4+ 51. Kh2 Kg6 52. Qd2 Qe5 53. Kg2 b6 54.
Qd3+ Kf6 55. a4 Kg7 56. Kf3 Kf6 57. Qd8+ Kf7 58. Qd7+ Kf6 59. Qc6+ Kf5 60. Qxb6
Qe4+ 61. Kf2 Qc2+ 62. Kg1 Qd1+ 63. Kg2 Qd5+ 64. Kh2 Kg4 65. Qf2 Qe4 66. Qg2 Qe3
67. Qh3+ Kf3 68. Qf5+ Ke2 69. Qxh5+ Kd3 70. Qd5+ Kc2 71. Qc4+ Kb2 72. h5 Qg5 73.
Qe2+ Kxb3 74. Qb5+ Qxb5 75. axb5 a4 76. b6 a3 77. b7 a2 78. b8=Q+ 1-0

[Event "Euro Online U2300 Day 1"]
[Site "chess.com INT"]
[Date "2020.05.25"]
[Round "2"]
[White "Akhmetzjanov, Pavel"]
[Black "Yeke, Serkan"]
[Result "0-1"]
[BlackTitle "FM"]
[WhiteElo "2140"]
[BlackElo "2099"]
[WhiteFideId "24158127"]
[BlackFideId "6301142"]
[EventDate "2020.05.25"]

1. e4 e5 2. Nc3 Nc6 3. Bc4 Nf6 4. d3 Bb4 5. Nf3 d6 6. O-O Bg4 7. h3 Bh5 8. g4
Nxg4 9. hxg4 Bxg4 10. Be3 Bxc3 11. bxc3 Qf6 12. Kg2 Ne7 13. Rh1 h5 14. d4 Qg6
15. Kf1 Qxe4 16. Be2 Nd5 17. Qd3 Bxf3 18. Qxe4 Bxe4 19. Rh4 Bxc2 20. dxe5 Nxe3+
21. fxe3 dxe5 22. Rxh5 O-O-O 23. Ke1 Rxh5 24. Bxh5 Rh8 25. Bg4+ f5 26. Kd2 Rh2+
27. Be2 Be4 28. Re1 g5 29. Kd1 g4 30. Rg1 Kd7 31. Bc4 Ke7 32. Bb3 Rh1 33. Rxh1
Bxh1 34. Ke2 Be4 35. Kf2 Kd6 36. Kg3 c5 37. Bf7 b5 38. a3 a5 39. Bb3 b4 40. cxb4
cxb4 41. axb4 axb4 42. Ba4 Kc5 43. Bb3 Bd3 44. Ba4 Kc4 45. Bd7 b3 46. Be6+ Kc3 0-1

[Event "Euro Online U2300 Day 1"]
[Site "chess.com INT"]
[Date "2020.05.25"]
[Round "2"]
[White "Khazhomia, Salome"]
[Black "Revuckij, Vladimir"]
[Result "1-0"]
[WhiteTitle "WFM"]
[BlackTitle "IM"]
[WhiteElo "2092"]
[BlackElo "2354"]
[WhiteFideId "13603230"]
[BlackFideId "14106167"]
[EventDate "2020.05.25"]

1. d4 e6 2. c4 f5 3. Nf3 Nf6 4. Nc3 Bb4 5. a3 Bxc3+ 6. bxc3 b6 7. g3 O-O 8. Bg2
Bb7 9. O-O Nc6 10. a4 Na5 11. Ba3 d6 12. c5 Nc4 13. cxd6 cxd6 14. Ng5 Bxg2 15.
Kxg2 Qd7 16. Qd3 Rac8 17. f3 Nd5 18. Bc1 h6 19. Nh3 Na5 20. Ra3 Nc4 21. Ra2 Qc6
22. Rf2 Na5 23. Bd2 Qc4 24. Qxc4 Rxc4 25. Nf4 Nxc3 26. Bxc3 Rxc3 27. Nxe6 Rfc8
28. e4 fxe4 29. fxe4 Nc4 30. Kh3 Re8 31. d5 Ne5 32. Rac2 Rec8 33. Rxc3 Rxc3 34.
Rf8+ Kh7 35. Rd8 Rc4 36. Nf8+ Kg8 37. Ne6+ Kf7 38. Rf8+ Ke7 39. Rg8 g5 40. Rg7+
Kf6 41. Rh7 Kg6 42. Rg7+ Kf6 43. Rh7 Kg6 44. Nf8+ Kf6 45. Rxa7 Rc2 46. Nd7+ Nxd7
47. Rxd7 1-0

[Event "Euro Online U2300 Day 1"]
[Site "chess.com INT"]
[Date "2020.05.25"]
[Round "2"]
[White "Sahakyan, Arman K."]
[Black "Spyropoulos, Nikolaos"]
[Result "0-1"]
[BlackTitle "FM"]
[WhiteElo "1775"]
[BlackElo "2403"]
[WhiteFideId "13310992"]
[BlackFideId "4298977"]
[EventDate "2020.05.25"]

1. d4 Nf6 2. c4 e6 3. Nc3 Bb4 4. e3 O-O 5. Bd3 d5 6. cxd5 exd5 7. Ne2 Bd6 8. O-O
Re8 9. Qc2 c6 10. h3 Nbd7 11. Ng3 Nf8 12. Bd2 Bc7 13. b4 Bd7 14. b5 Ng6 15. Qb3
Nh4 16. bxc6 Bxh3 17. gxh3 Nf3+ 18. Kg2 Nxd2 19. Qxb7 Nxf1 20. Rxf1 Bxg3 21.
Kxg3 Qd6+ 22. Kg2 Reb8 23. Qa6 Rb6 24. Qa4 Qxc6 25. Qxc6 Rxc6 26. Na4 Rb8 27.
Nc5 g6 28. a4 Rcc8 29. Bb5 Kg7 30. f3 Ne8 31. Rb1 Nd6 32. Kf2 Rb6 33. e4 Rd8 34.
e5 Nf5 35. Rd1 Rc8 36. Rd2 Nxd4 37. Nd7 Nxb5 38. Nxb6 axb6 39. axb5 Rc5 40. Rb2
Kf8 41. Kg3 Ke7 42. Rb4 Ke6 43. f4 Rc3+ 44. Kg4 h5+ 45. Kh4 Rc4 46. Rb3 Rxf4+
47. Kg3 Kxe5 48. Ra3 Rb4 49. Ra7 f6 50. Re7+ Kf5 51. Rd7 Rxb5 52. Kg2 Ke6 53.
Rc7 Rb3 54. Rc6+ Ke5 55. h4 b5 56. Rc5 b4 57. Rc2 Rc3 58. Re2+ Kd6 59. Rb2 b3 0-1

[Event "Euro Online U2300 Day 1"]
[Site "chess.com INT"]
[Date "2020.05.25"]
[Round "2"]
[White "Gasimov, Parviz"]
[Black "Upero, Jussi"]
[Result "1-0"]
[WhiteTitle "FM"]
[WhiteElo "2337"]
[BlackElo "2176"]
[WhiteFideId "13408798"]
[BlackFideId "504491"]
[EventDate "2020.05.25"]

1. e4 e5 2. Bc4 Nf6 3. d3 c6 4. Nf3 Be7 5. O-O d6 6. Re1 O-O 7. c3 Bg4 8. Nbd2
Nbd7 9. Bb3 Nc5 10. Bc2 Nh5 11. h3 Be6 12. d4 Nd7 13. dxe5 dxe5 14. Nxe5 Nxe5
15. Qxh5 Nd3 16. Rd1 g6 17. Qe2 Nxc1 18. Raxc1 Qb6 19. Bb3 Bg5 20. Rb1 Rae8 21.
Nf3 Bxb3 22. axb3 Bh6 23. Qc4 Re7 24. Re1 Rfe8 25. Rbd1 Bf4 26. b4 h5 27. Kf1
Kh7 28. g3 Bh6 29. Kg2 Qc7 30. h4 b5 31. Qd3 a6 32. Qd6 Qb7 33. e5 Bf8 34. Qf6
Re6 35. Ng5+ Kg8 36. Nxe6 Rxe6 37. Qf3 Qe7 38. Qe4 Bg7 39. f4 f6 40. Qxg6 fxe5
41. Qxh5 e4 42. Re3 c5 43. bxc5 Rh6 44. Qd5+ Kh7 45. Qxe4+ Qxe4+ 46. Rxe4 Rc6
47. Rd5 1-0

[Event "Euro Online U2300 Day 1"]
[Site "chess.com INT"]
[Date "2020.05.25"]
[Round "2"]
[White "Kniazev, Alexander V."]
[Black "Nareks, Matic"]
[Result "0-1"]
[WhiteTitle "FM"]
[WhiteElo "2236"]
[BlackElo "2015"]
[WhiteFideId "4144120"]
[BlackFideId "14629526"]
[EventDate "2020.05.25"]

1. e4 c5 2. Nf3 Nc6 3. d4 cxd4 4. Nxd4 g6 5. c4 Bg7 6. Nc2 Nf6 7. Nc3 O-O 8. Be2
d6 9. O-O a5 10. b3 Nb4 11. Nd4 Nc6 12. Nc2 a4 13. Rb1 axb3 14. axb3 b6 15. Be3
Bb7 16. f3 Nd7 17. Nd5 e6 18. Ndb4 Qc7 19. Qd2 Rfd8 20. Bg5 Bf6 21. Be3 Nc5 22.
Rfd1 Nxb4 23. Qxb4 Ra2 24. Rdc1 Rda8 25. Bf1 Rb2 26. Rxb2 Bxb2 27. Rb1 Ra2 28.
Nd4 Bc6 29. Qd2 Bxd4 30. Qxd4 e5 31. Qd1 Ra3 32. Bg5 Nxb3 33. Bf6 Ba4 34. Qe1 h6
35. Qh4 Kh7 36. Bg5 h5 37. g4 Nd4 38. Bg2 f6 39. Bxf6 Qf7 40. gxh5 gxh5 41. Rxb6
Ra1+ 42. Kf2 Ra2+ 43. Kg1 Ra1+ 44. Kf2 Ra2+ 45. Kg1 Ne2+ 46. Kf1 Nf4 47. Rb4 Bb3
48. Rxb3 Qxc4+ 49. Ke1 Qe2# 0-1

[Event "Euro Online U2300 Day 1"]
[Site "chess.com INT"]
[Date "2020.05.25"]
[Round "2"]
[White "Maximov, Oleg"]
[Black "Koskela, Niina"]
[Result "1/2-1/2"]
[BlackTitle "WGM"]
[WhiteElo "2219"]
[BlackElo "2197"]
[WhiteFideId "4176960"]
[BlackFideId "500755"]
[EventDate "2020.05.25"]

1. e4 e5 2. Nc3 Nf6 3. g3 d5 4. exd5 Nxd5 5. Bg2 Nxc3 6. bxc3 Bd6 7. Nf3 O-O 8.
O-O Nd7 9. Re1 Re8 10. d3 h6 11. Nd2 c6 12. Nc4 Bc7 13. a4 Nf6 14. Bd2 Bg4 15.
Qb1 Rb8 16. h3 Bd7 17. Ne3 Be6 18. c4 Bb6 19. Bc3 Bd4 20. Qb2 Qd7 21. Kh2 Nh7
22. Bxd4 exd4 23. Nf1 Ng5 24. h4 Nh7 25. Nd2 c5 26. a5 Nf6 27. Nf3 Qc7 28. Ne5
Re7 29. f4 Rbe8 30. c3 dxc3 31. Qxc3 Ng4+ 32. Nxg4 Bxg4 33. Be4 Kh8 34. Rab1 f5
35. Bg2 Re2 36. Rxe2 Rxe2 37. Rb2 Qe7 38. Rxe2 Qxe2 39. Qe5 Qxe5 40. fxe5 b6 41.
axb6 axb6 42. Bd5 Bh5 43. Kg2 g5 44. hxg5 hxg5 45. Kf2 Kg7 46. Ke3 Kf8 47. d4
Ke7 48. Bg8 cxd4+ 49. Kxd4 Bf7 50. Bxf7 Kxf7 51. Kd5 Ke7 52. e6 f4 53. gxf4 gxf4
54. Ke4 Kxe6 55. Kxf4 Kd6 56. Ke4 Ke6 57. Kd4 Kd6 58. Ke4 Kc5 59. Kd3 Kc6 60.
Kd4 Kd6 61. Ke4 1/2-1/2

[Event "Euro Online U2300 Day 1"]
[Site "chess.com INT"]
[Date "2020.05.25"]
[Round "2"]
[White "Hasanagic, Anel"]
[Black "Gardet, Thomas"]
[Result "1-0"]
[WhiteTitle "CM"]
[WhiteElo "2235"]
[BlackElo "2023"]
[WhiteFideId "14605791"]
[BlackFideId "26088045"]
[EventDate "2020.05.25"]

1. e4 c5 2. c3 Nf6 3. e5 Nd5 4. Nf3 Nc6 5. Bc4 e6 6. O-O d6 7. Bxd5 exd5 8. Re1
Be7 9. exd6 Qxd6 10. d4 O-O 11. dxc5 Qxc5 12. Nbd2 Bg4 13. h3 Bh5 14. Nb3 Qd6
15. Be3 b6 16. Nbd4 Bf6 17. Nf5 Qd7 18. Ng3 Bg6 19. Qd2 Rad8 20. Rad1 Qc7 21.
Bg5 Bxg5 22. Qxg5 h6 23. Qg4 Rfe8 24. Rxe8+ Rxe8 25. Rxd5 Na5 26. Qd7 Rc8 27.
Qxc7 Rxc7 28. Ne5 Bb1 29. a3 f6 30. Nf3 Nc4 31. Rb5 Bd3 32. Ne1 Bg6 33. f3 Be8
34. Rd5 Nxb2 35. Rd8 Kf7 36. Ne4 Ke7 37. Rd2 Nc4 38. Re2 Nxa3 39. Nxf6+ Kxf6 40.
Rxe8 Rxc3 41. Ra8 Nb5 42. Kf2 Ra3 43. Ke2 Ra2+ 44. Kd3 Nd6 45. Nc2 b5 46. g4 Ke6
47. f4 Kd5 48. f5 a5 49. Kc3 a4 50. Nb4+ Kc5 51. Nxa2 Ne4+ 52. Kc2 Nf2 53. Rc8+
Kd4 54. Rg8 Nxh3 55. Rxg7 Nf2 56. f6 1-0

[Event "Euro Online U2300 Day 1"]
[Site "chess.com INT"]
[Date "2020.05.25"]
[Round "2"]
[White "Luczak, Filip"]
[Black "Fus, Jakub"]
[Result "1-0"]
[WhiteTitle "CM"]
[BlackTitle "FM"]
[WhiteElo "2240"]
[BlackElo "2370"]
[WhiteFideId "1193686"]
[BlackFideId "1193023"]
[EventDate "2020.05.25"]

1. d4 Nf6 2. Bg5 d6 3. Bxf6 exf6 4. g3 g6 5. Bg2 Bg7 6. e3 O-O 7. Ne2 f5 8. O-O
c6 9. c4 Be6 10. Qd3 d5 11. cxd5 Bxd5 12. Bxd5 Qxd5 13. Nbc3 Qd7 14. Rfd1 Na6
15. Rac1 Rad8 16. a3 Nc7 17. b4 Qe7 18. Qc4 a6 19. Qb3 Ne6 20. d5 cxd5 21. Nxd5
Qg5 22. Nef4 Nxf4 23. exf4 Qg4 24. Ne7+ Kh8 25. Rxd8 Rxd8 26. Qxf7 Qe2 27. Rc8
Qd1+ 28. Kg2 Rxc8 29. Nxc8 Qd8 30. Ne7 Bd4 31. h4 b5 32. h5 gxh5 33. Nxf5 Bb2
34. Ne7 h4 35. f5 Qa8+ 36. f3 Qb8 37. gxh4 Qd8 38. f6 Qd2+ 39. Kh3 Qd7+ 40. Kg3
Be5+ 41. f4 Bxf4+ 42. Kxf4 Qd4+ 43. Kf5 Qf2+ 44. Ke6 Qb6+ 45. Ke5 Qe3+ 46. Kd6
Qd4+ 47. Nd5 Qxd5+ 48. Kxd5 a5 49. Qg7# 1-0

[Event "Euro Online U2300 Day 1"]
[Site "chess.com INT"]
[Date "2020.05.25"]
[Round "2"]
[White "Haring, Filip"]
[Black "Malczyk, Radoslaw"]
[Result "1-0"]
[WhiteTitle "FM"]
[WhiteElo "2306"]
[BlackElo "2099"]
[WhiteFideId "14933080"]
[BlackFideId "1128574"]
[EventDate "2020.05.25"]

1. Nf3 Nf6 2. c4 b6 3. Nc3 Bb7 4. g3 e6 5. Bg2 Be7 6. O-O O-O 7. Re1 d5 8. cxd5
exd5 9. d4 c5 10. Bf4 Nc6 11. Rc1 h6 12. dxc5 bxc5 13. Na4 Qa5 14. Bd2 Qb5 15.
b3 Ne4 16. e3 Nb4 17. Bxb4 Qxb4 18. Ne5 Rad8 19. Qc2 Rc8 20. Bh3 Rc7 21. Nd3 Qb5
22. Bf1 Qd7 23. Bg2 Rfc8 24. Red1 Qf5 25. Qb1 c4 26. bxc4 dxc4 27. Nf4 g5 28.
Bh3 Qf6 29. Bxc8 Bxc8 30. Qxe4 gxf4 31. Qxf4 Qc6 32. Nc3 Bb7 33. Nd5 Rd7 34.
Qg4+ Kf8 35. e4 Rd6 36. Nxe7 Kxe7 37. Qh4+ Kf8 38. Rxd6 Qxd6 39. Qf4 Qc6 40. f3
c3 41. Qe3 c2 42. Qd2 Qf6 43. Qb4+ Kg7 44. Qxb7 Qd4+ 45. Kh1 Qe3 46. Qb2+ f6 47.
Qxc2 Qxf3+ 48. Qg2 1-0

[Event "Euro Online U2300 Day 1"]
[Site "chess.com INT"]
[Date "2020.05.25"]
[Round "2"]
[White "Tymoshenko, Ihor"]
[Black "Karasik, Mikhail"]
[Result "1-0"]
[WhiteTitle "FM"]
[WhiteElo "2306"]
[BlackElo "2167"]
[WhiteFideId "14105519"]
[BlackFideId "4154541"]
[EventDate "2020.05.25"]

1. d4 d5 2. c4 e6 3. Nf3 c6 4. Qc2 Nf6 5. g3 g6 6. Bg2 Bg7 7. O-O O-O 8. Nbd2
Nbd7 9. e4 dxe4 10. Nxe4 Nxe4 11. Qxe4 Qe7 12. Bf4 Qb4 13. Qc2 c5 14. a3 Qb6 15.
dxc5 Qxc5 16. b4 Qe7 17. Rad1 e5 18. Rfe1 Re8 19. Bg5 f6 20. Bc1 Nf8 21. Nd4 Qf7
22. Nb5 Bf5 23. Qb3 Reb8 24. Be3 Ne6 25. Nd6 Qe7 26. Nxf5 gxf5 27. c5 Kh8 28.
Rd6 Re8 29. Qd3 f4 30. Bxf4 Nxf4 31. gxf4 Rad8 32. f5 b6 33. Rd1 Rxd6 34. cxd6
Qd7 35. b5 Rd8 36. Bc6 Qf7 37. d7 Bf8 38. Qd5 Qxd5 39. Rxd5 Bc5 40. a4 Bd4 41.
Kg2 Kg7 42. f4 Kf7 43. Kf3 Ke7 44. Ke4 Rg8 45. h3 Kd8 46. fxe5 fxe5 47. f6 Rg3
48. Rd6 Re3+ 49. Kd5 Rf3 50. Re6 1-0

[Event "Euro Online U2300 Day 1"]
[Site "chess.com INT"]
[Date "2020.05.25"]
[Round "2"]
[White "Eynullayev, Altay"]
[Black "Berin, Artem"]
[Result "1-0"]
[WhiteTitle "FM"]
[WhiteElo "2227"]
[BlackElo "1881"]
[WhiteFideId "13413562"]
[BlackFideId "14189100"]
[EventDate "2020.05.25"]

1. e4 e6 2. d4 d5 3. Nc3 Bb4 4. e5 Ne7 5. a3 Bxc3+ 6. bxc3 c5 7. Qg4 Qc7 8. Qxg7
Rg8 9. Qxh7 cxd4 10. Ne2 dxc3 11. f4 Nbc6 12. h4 d4 13. h5 Bd7 14. Qd3 O-O-O 15.
Rg1 Rg4 16. g3 Rh8 17. Bh3 Rg7 18. g4 Qb6 19. Rg3 Nd5 20. Kf1 Kb8 21. Bg2 Nc7
22. Kg1 Na6 23. Bxc6 Bxc6 24. Qxd4 Qxd4+ 25. Nxd4 Rxh5 26. Nxc6+ bxc6 27. Be3
Rh4 28. Rb1+ Kc8 29. g5 Nc7 30. Kf2 Nd5 31. Kf3 Rh2 32. Rc1 a6 33. Bd4 Kc7 34.
Ke4 Re2+ 35. Be3 Rg8 36. Kd3 Rh2 37. Ke4 Rb8 38. g6 fxg6 39. Rxg6 Re2 40. Rg3
Rb2 41. Kd3 Rh2 42. Rg7+ Kc8 43. Rg8+ Kc7 44. Bc5 Rd2+ 45. Kc4 Re2 46. Rcg1 Re4+
47. Kd3 Rxf4 48. R1g7+ 1-0

[Event "Euro Online U2300 Day 1"]
[Site "chess.com INT"]
[Date "2020.05.25"]
[Round "2"]
[White "Siradze, Salome"]
[Black "Kucera, Jiri"]
[Result "1-0"]
[WhiteElo "2008"]
[BlackElo "2019"]
[WhiteFideId "13603973"]
[BlackFideId "309494"]
[EventDate "2020.05.25"]

1. d4 d6 2. Nf3 f5 3. Nc3 Nf6 4. Bg5 e6 5. e4 fxe4 6. Nxe4 Be7 7. Nxf6+ Bxf6 8.
h4 O-O 9. Bd3 e5 10. Qe2 Bg4 11. O-O-O Bxf3 12. gxf3 Nc6 13. Qe4 g6 14. Bh6 Bg7
15. Bc4+ Kh8 16. Bxg7+ Kxg7 17. h5 Rf4 18. h6+ Kh8 19. Qd5 Qf6 20. Rhe1 Nxd4 21.
Qxb7 Rf8 22. Qxc7 g5 23. c3 Nf5 24. Bd3 Qxh6 25. Bxf5 R4xf5 26. Rxd6 R5f6 27.
Rxf6 Qxf6 28. Qxe5 Qxe5 29. Rxe5 Rxf3 30. Rxg5 Rxf2 31. a4 h6 32. Rg3 Kh7 33.
Kb1 h5 34. b4 Kh6 35. b5 h4 36. Rg4 Kh5 37. Rg8 h3 38. a5 h2 39. Rh8+ Kg4 40. b6
axb6 41. axb6 Rf1+ 42. Kb2 h1=Q 43. Rxh1 Rxh1 44. c4 Kf5 45. Kb3 Ke5 46. Kb4
Rb1+ 47. Kc5 Ke6 48. Kc6 Rb4 49. c5 Ke7 50. Kc7 1-0

[Event "Euro Online U2300 Day 1"]
[Site "chess.com INT"]
[Date "2020.05.25"]
[Round "2"]
[White "Grutter, Tim"]
[Black "Krivenko, Sergey"]
[Result "1/2-1/2"]
[WhiteElo "2253"]
[BlackElo "2279"]
[WhiteFideId "1057472"]
[BlackFideId "24124753"]
[EventDate "2020.05.25"]

1. c4 c6 2. Nf3 d5 3. e3 Nf6 4. Nc3 g6 5. Be2 Bg7 6. O-O O-O 7. b3 Bf5 8. Bb2
dxc4 9. bxc4 Bd3 10. Nd4 Bxe2 11. Qxe2 e5 12. Nb3 Na6 13. Rfd1 Re8 14. d3 Qe7
15. a4 Rad8 16. Ba3 Qe6 17. Rab1 b6 18. a5 Nc7 19. Na4 Nd7 20. axb6 axb6 21.
Nxb6 Nxb6 22. Nc5 Qc8 23. Rxb6 Ne6 24. Rdb1 Nxc5 25. Bxc5 Qd7 26. R1b3 e4 27. d4
Rc8 28. Rb7 Rc7 29. Qb2 h5 30. Rxc7 Qxc7 31. Rb7 Qa5 32. h3 Qxc5 33. dxc5 Bxb2
34. Rxb2 Kg7 35. Rd2 Re5 36. Rd4 h4 37. Kf1 f5 38. Ke2 Rxc5 39. f3 exf3+ 40.
gxf3 g5 41. Kd3 Ra5 42. Rd7+ Kf8 43. Rd6 Ra3+ 44. Kd4 c5+ 45. Kxc5 Ke7 46. Rg6
Rxe3 47. Rxg5 Rxf3 48. Rh5 Rxh3 49. Rxf5 Rh1 50. Rh5 h3 51. Kc6 h2 52. c5 Kd8
53. Rh8+ Ke7 54. Rh6 Kf7 55. Kc7 Rc1 56. Rxh2 Rxc5+ 57. Kd6 1/2-1/2